| 000 | 01423nam a2200517 a 4500 | ||
|---|---|---|---|
| 003 | AR-BaBNM | ||
| 005 | 20251128204829.0 | ||
| 008 | 082120s2002 ||||||||||||||000 | spa|| | ||
| 020 | _a950-557-085-6 | ||
| 040 | _cAR-BaBNM | ||
| 100 | 1 | _aFromm, Erich | |
| 245 | 0 | 0 |
_aMarx y su concepto del hombre _bKarl Marx, manuscritos económico-filosóficos |
| 250 | _a1ª ed. | ||
| 260 |
_aMéxico, D.F. _bFondo de Cultura Económica _c1991 |
||
| 300 | _a272 p. | ||
| 490 | 0 |
_aBreviarios _vv. 166 |
|
| 500 | _aIncluye apéndices con manuscritos de Marx, Karl en p. 97-230 | ||
| 500 | _aApéndice con escritos sobre Marx, Karl en p. 233-269 | ||
| 600 | 1 | 4 | _aMarx, Karl |
| 600 | 1 | 4 | _aHegel, Georg Wilhelm Friedrich |
| 600 | 1 | 4 | _aEngels, Friedrich |
| 600 | 1 | 4 | _aLafargue, Paul |
| 600 | 1 | 4 | _aMarx-aveling, Eleanor |
| 600 | 1 | 4 | _aMarx, Jenny |
| 600 | 1 | 4 | _aWeydemeyer, Joséph |
| 650 | 4 | _aHOMBRE | |
| 650 | 4 | _aMARXISMO | |
| 650 | 4 | _aSOCIALISMO | |
| 650 | 4 | _aTRABAJO | |
| 650 | 4 | _aPROPIEDAD PRIVADA | |
| 650 | 4 | _aSISTEMAS CAPITALISTAS | |
| 650 | 4 | _aPRODUCCION | |
| 650 | 4 | _aDIALECTICA | |
| 650 | 4 | _aESTADO | |
| 650 | 4 | _aPRODUCCION | |
| 650 | 4 | _aIDEOLOGIAS | |
| 650 | 4 | _aESCUELAS FILOSOFICAS | |
| 650 | 4 | _aCLASES SOCIALES | |
| 650 | 4 | _aLIBERTAD | |
| 650 | 4 | _aCAPITAL | |
| 650 | 4 | _aSALARIOS | |
| 650 | 4 | _aDINERO | |
| 700 | 1 |
_aCampos, Julieta _etraductor |
|
| 942 | _cBK | ||
| 998 | _cGLORIA | ||
| 999 |
_c8976 _d8976 |
||